| 000 | 00768nam a2200217 4500 | ||
|---|---|---|---|
| 001 | 123228 | ||
| 003 | ES-MaACL | ||
| 005 | 20230906192132.0 | ||
| 007 | t| | ||
| 008 | 070214s1971 sp r ||||0| spa d | ||
| 110 | 2 |
_aFondation Royaumont. _94140 |
|
| 245 | 1 | 3 |
_aLa psicosociología en sus aplicaciones / _cFundación Royaumont ; Anne Ancelin-Schützenberger... [et al.] ; [traducción Manuel S. de Boado]. |
| 260 |
_aMadrid : _bMarova, _c1971. |
||
| 300 |
_a236 p ; _c21 cm. |
||
| 490 | 1 | _aBiblioteca Marova de Estudios del hombre | |
| 700 | 1 |
_aAncelin Schutzenberger, Anne. _9186583 |
|
| 700 | 1 |
_aBoado, Manuel S. de. _929625 |
|
| 830 | 0 |
_aBiblioteca Marova de Estudios del hombre _9181307 |
|
| 852 |
_aES-MaACL _jC-41930 _bR.78282 |
||
| 999 |
_c123228 _d123228 |
||